000 01202nam0a22002891 4500
001 rc\817473
005 20250622002806.0
035 _a(NLR Aleph) 006000348
090 _a7222011
_c7222011
100 _a20041129d1983 |||y0rusy50 ca
101 0 _arus
102 _aRU
105 _aa |||||||||
200 1 _aИспользование отходов для производства строительных материалов и изделий в МССР
_f[В.В. Шпрацер, Л.В. Цаковский, Е.А. Возная]
210 _aКишинев
_cМолдНИИНТИ
_d1983
215 _a[1], 58 с.
_cсхем.
_d21
225 1 _aОбзорная информация
_fМолдНИИНТИ и техн.-экон. исслед. Госплана МССР
320 _aБиблиогр.: с. 54-57
700 1 _aШпрацер
_bВ.В.
701 1 _aЦаковский
_bЛ.В.
701 1 _aВозная
_bЕ.А.
712 0 2 _aМолдавский НИИ науч.-техн. информации и техн.-экон. исследований
_cКишинев
801 0 _aRU
_bNLR
_gpsbo
801 1 _aRU
_bELAR
_2rusmarc
852 _aNLR
_j84-4/12414
942 _cBOOK
980 _aNB